Trpaslík v trávě spí : soubor vět s obrázky k nacvičování a upevňování výslovnosti hlásek R a Ř / Irena Klimková ; ilustrace Edita Plicková
Proces osvojování správné výslovnosti hlásek R a Ř bývá někdy problematický. Tato příručka, kde každá procvičovací věta je doplněna obrázkem, má děti motivovat k opakování, samostatnému rozvíjení vět i slovní zásoby a upevňování těchto hlásek v řeči.
Publikace obsahuje soubor vět s obrázky k nacvičování a upevňování výslovnosti hlásek R a Ř. Vhodné pro rodiče dětí, případně logopeda.
Record details
- ISBN: 978-80-262-0380-3 (brož.)
- Physical Description: 70 s. : il. ; 30 cm
- Edition: Vyd. 1.
- Publisher: Praha : Portál, 2013
Content descriptions
| General Note: | Přední s. obálky tištěna napříč |
| Bibliography, etc. Note: | Obsahuje bibliografické odkazy |
Search for related items by subject
| Subject: | předškolní výchova řečové dovednosti výslovnost logopedie preschool education speech ability pronunciation speech therapy |
| Genre: | praktická cvičení metodické příručky problems, exercises, etc methodological manuals |
Available copies
- 1 of 1 copy available at Common Catalog SPOK.
Holds
- 0 current holds with 1 total copy.
Show Only Available Copies
| Location | Call Number / Copy Notes | Barcode | Shelving Location | Status | Due Date |
|---|---|---|---|---|---|
| Jabok Library | Ped-3.5.1.2/K | 424480033171 | Odborná literatura | Available | - |
Electronic resources
Version of Resource: Obsah
| LDR | 03398nam a2200817 a 4500 | ||
|---|---|---|---|
| 001 | 18008 | ||
| 003 | CZ-PrJAB | ||
| 005 | 20150425093547.0 | ||
| 007 | ta | ||
| 008 | 121221s2013 xr a e f 000 0 cze | ||
| 015 | . | ‡acnb002433933 | |
| 020 | . | ‡a978-80-262-0380-3 (brož.) | |
| 035 | . | ‡a(CZ PrSKC)nkc20122433933 | |
| 035 | . | ‡a(OCoLC)842343484 | |
| 040 | . | ‡aABA001 ‡bcze ‡dBOA001 | |
| 072 | 7. | ‡a373.2/.3 ‡xPředškolní a primární výchova a vzdělávání ‡2Konspekt ‡922 | |
| 080 | . | ‡a373.2 ‡2MRF | |
| 080 | . | ‡a81'233 ‡2MRF | |
| 080 | . | ‡a81'355 ‡2MRF | |
| 080 | . | ‡a376.1-056.264 ‡2MRF | |
| 080 | . | ‡a(076.5) ‡2MRF | |
| 080 | . | ‡a(072) ‡2MRF | |
| 100 | 1 | . | ‡aKlimková, Irena ‡7kv2013751262 ‡4aut |
| 245 | 1 | 0. | ‡aTrpaslík v trávě spí : ‡bsoubor vět s obrázky k nacvičování a upevňování výslovnosti hlásek R a Ř / ‡cIrena Klimková ; ilustrace Edita Plicková |
| 250 | . | ‡aVyd. 1. | |
| 260 | . | ‡aPraha : ‡bPortál, ‡c2013 | |
| 300 | . | ‡a70 s. : ‡bil. ; ‡c30 cm | |
| 500 | . | ‡aPřední s. obálky tištěna napříč | |
| 504 | . | ‡aObsahuje bibliografické odkazy | |
| 520 | 9 | . | ‡aProces osvojování správné výslovnosti hlásek R a Ř bývá někdy problematický. Tato příručka, kde každá procvičovací věta je doplněna obrázkem, má děti motivovat k opakování, samostatnému rozvíjení vět i slovní zásoby a upevňování těchto hlásek v řeči. |
| 520 | 9 | . | ‡aPublikace obsahuje soubor vět s obrázky k nacvičování a upevňování výslovnosti hlásek R a Ř. Vhodné pro rodiče dětí, případně logopeda. |
| 650 | 0 | 7. | ‡apředškolní výchova ‡7ph124887 ‡2czenas |
| 650 | 0 | 7. | ‡ařečové dovednosti ‡7ph128299 ‡2czenas |
| 650 | 0 | 7. | ‡avýslovnost ‡7ph120514 ‡2czenas |
| 650 | 0 | 7. | ‡alogopedie ‡7ph117229 ‡2czenas |
| 650 | 0 | 9. | ‡apreschool education ‡2eczenas |
| 650 | 0 | 9. | ‡aspeech ability ‡2eczenas |
| 650 | 0 | 9. | ‡apronunciation ‡2eczenas |
| 650 | 0 | 9. | ‡aspeech therapy ‡2eczenas |
| 655 | 7. | ‡apraktická cvičení ‡7fd133118 ‡2czenas | |
| 655 | 7. | ‡ametodické příručky ‡7fd132826 ‡2czenas | |
| 655 | 9. | ‡aproblems, exercises, etc ‡2eczenas | |
| 655 | 9. | ‡amethodological manuals ‡2eczenas | |
| 700 | 1 | . | ‡aPlicková, Edita, ‡d1940- ‡7jk01093465 ‡4ill |
| 856 | 4 | 1. | ‡uhttp://www.obalkyknih.cz/file/toc/67572/pdf ‡yObsah |
| 910 | . | ‡aABG312 | |
| 901 | . | ‡a18008 ‡b ‡c18008 ‡tbiblio | |